000 00496nam a2200181Ia 4500
003 GCL
008 140319s9999 xx 000 0 eng d
040 _aGCL /
_cGCL
082 0 4 _a720.947
_bA B
100 1 _aACADEMY EDITIONS
245 1 0 _aBEYOND THE REVALUTION: THE ARCHITECTURE OF EASTERN EUROPE /
_cACADEMY EDITIONS
260 _a[S.N] :
_bACADEMY EDITIONS ،
_c1996
300 _a95 P
650 0 4 _aARTS
650 0 4 _aARCHITECTURE
650 0 4 _aARCHITECTURE - HISTORY
942 _2ddc
_cBK
999 _c15723
_d15723